00578 2200205 4500001002100000008004100021035002000062245007300082100002200155250001000177260003300187300003100220020002200251084001600273520002900289082001000318650002200328990001100350990001100361INLIS000000000015173 ind  a0010-1222000252 aStop! Gejala Penyakit Jantung KoronercHelmanu Kurniadi;editor; Qoni aHELMANU, Kurniadi acet.1 aYogyakarta :bFamilia,c2022 avi,129 hlm.: ilus.c20 cm. a978-602-9493-60-6 a616.2 HEL s aBibliografi.:hlm 127-129 a616.2 aPENYAKIT, JANTUNG a9812 a a9812 b